| 000 | 01455cab a2200193 4500 | ||
|---|---|---|---|
| 001 | L130403 | ||
| 008 | 050725n2005 000 0 eng u | ||
| 035 | _a(Sirsi) u130403 | ||
| 041 | _aeng | ||
| 100 | _aEastman, Colin | ||
| 245 | _aQuality guides spatial plans | ||
| 260 | _c2005 | ||
| 490 |
_aPlanning (for the Natural and Built Environment) _v(1678) 15 July 2005, 5(1) |
||
| 520 | _aThe four principal government environmental advisers - the Countryside Agency, the Environment Agency, English Heritage and English Nature - have commissioned guidance to emphasis the role of planning in achieving a balanced and healthy environment. "Environmental quality in spatial planning" produced by David Tyldesley and Associates updates previous documents from the organisations and complements recent ODPM guidance. The new guidance sets out the agencies' vision of an objective-led approach to plans and strategies and their hopes for the reformed spatial strategy and more sustainable development. Lists the guidance's key messages and its vision of plan-making at all levels. While the emphasis is on England the guidance is equally applicable to Wales. | ||
| 590 | _aIKA020805 | ||
| 690 | _aENVIRONMENTAL AND LAND CONSULTANCY-PLANNING AND DEVELOPMENT-STRATEGIC PLANNING | ||
| 856 |
_uhttps://www.environment-agency.gov.uk/commondata/acrobat/envq_main_1109545.pdf _zView the guidance free of charge at www.environment-agency.gov.uk... |
||
| 942 | _n0 | ||
| 999 |
_c75602 _d75602 |
||